| 000 | 00606nam a2200193 a 4500 | ||
|---|---|---|---|
| 005 | 20210223124943.0 | ||
| 008 | 030521s1966 es r 000 0 spa d | ||
| 035 | _aUPN01000124446 | ||
| 049 | _aCG | ||
| 050 | 4 |
_aT15 _bM4.88 |
|
| 100 | 1 | _aMeyer, Hermann J. | |
| 245 | 1 | 3 |
_aLa tecnificación del mundo : _borigen, esencia y peligros / _cHermann J. Meyer ; tr. Rafael de la Vega. |
| 260 |
_aMadrid: _bGredos, _c1966. |
||
| 300 | _a410 p. | ||
| 440 | 0 |
_aBiblioteca universitaria Gredos. _pEnsayos ; _v5 |
|
| 650 | 4 |
_aTECNOLOGIA - _xHISTORIA _99785 |
|
| 650 | 4 |
_aTECNOLOGIA - _xFILOSOFIA _91065 |
|
| 905 | _aLibro | ||
| 999 |
_c96625 _d96625 |
||